| 000 | 00551nam a2200193Ia 4500 | ||
|---|---|---|---|
| 005 | 20260429112002.0 | ||
| 008 | 260429s9999||||xx |||||||||||||| ||und|| | ||
| 020 | _a9798886131314 | ||
| 041 | _aEnglish | ||
| 082 |
_a001.422 _bFAN |
||
| 100 | _aFang, Jiqian | ||
| 245 | 0 |
_aStatistical methods for biomedical research / _cJiqian Fang |
|
| 260 |
_aSingapore : _bWorld Scientific Publishing, _c2025. |
||
| 300 | _axii, 1146 p.; pbk | ||
| 650 | _a Biomedical research | ||
| 650 | _a Statistical methods | ||
| 650 | _aResearch methods | ||
| 942 | _cTB | ||
| 999 |
_c51752 _d51752 |
||